Anglicko-český slovník s nejnovějšími výrazy
Salvato in:
| Autore principale: | |
|---|---|
| Natura: | Libro |
| Lingua: | inglese ceco |
| Pubblicazione: |
Voznice
LEDA
1996
|
| Soggetti: | |
| Tags: |
Nessun Tag, puoi essere il primo ad aggiungerne!!
|
MARC
| LEADER | 00000nam a2200000 4500 | ||
|---|---|---|---|
| 001 | c015484 | ||
| 005 | 20221214070707.7 | ||
| 020 | |a 80-85927-13-6 | ||
| 041 | 0 | |a eng | |
| 041 | 0 | |a cze | |
| 044 | |a CZ | ||
| 245 | 1 | 0 | |a Anglicko-český slovník s nejnovějšími výrazy |c Josef Fronek |
| 264 | 1 | |a Voznice |b LEDA |c 1996 | |
| 300 | |a 1204 s. | ||
| 610 | 2 | 0 | |a jazykoveda |
| 610 | 2 | 0 | |a angličtina |
| 610 | 2 | 0 | |a čeština |
| 610 | 2 | 0 | |a terminológia |
| 100 | 1 | |a Fronek, Josef | |